[Event "DVM U12 2024"]
[Site "Heidelberg GER"]
[Date "2024.12.28"]
[Round "3"]
[White "Hendler, Maximilian"]
[Black "Atar, Semih Akif"]
[Result "1/2-1/2"]
[Termination "normal"]
[Board "4.3"]
[WhiteElo "1644"]
[BlackElo "1624"]
[WhiteClock "00:16:24"]
[BlackClock "00:26:49"]
[WhiteTeam "SF Brackel 1930"]
[BlackTeam "SK Turm Schiefbahn 1931"]
[PlyCount "95"]
[WhiteFideId "34616500"]
[BlackFideId "16283376"]
[EventCountry "GER"]
[EventRounds "7"]
[EventType "team-swiss"]
[EventDate "2024.12.26"]

1. e4 {[%clk 01:30:56]} {[%emt 00:00:04]} e6 {[%clk 01:30:55]} {[%emt
00:00:06]} 2. d4 {[%clk 01:31:20]} {[%emt 00:00:06]} d5 {[%clk 01:31:14]}
{[%emt 00:00:10]} 3. Nd2 {[%clk 01:31:39]} {[%emt 00:00:10]} dxe4 {[%clk
01:31:35]} {[%emt 00:00:10]} 4. Nxe4 {[%clk 01:31:51]} {[%emt 00:00:19]} Nd7
{[%clk 01:31:44]} {[%emt 00:00:22]} 5. Nf3 {[%clk 01:30:35]} {[%emt 00:01:45]}
Ngf6 {[%clk 01:32:02]} {[%emt 00:00:12]} 6. Nxf6+ {[%clk 01:30:42]} {[%emt
00:00:22]} Nxf6 {[%clk 01:32:25]} {[%emt 00:00:07]} 7. Bb5+ {[%clk 01:28:45]}
{[%emt 00:02:28]} c6 {[%clk 01:28:52]} {[%emt 00:04:03]} 8. Bd3 {[%clk
01:28:51]} {[%emt 00:00:23]} Bd6 {[%clk 01:28:37]} {[%emt 00:00:46]} 9. Bg5
{[%clk 01:22:24]} {[%emt 00:06:57]} h6 {[%clk 01:28:03]} {[%emt 00:01:05]} 10.
Bd2 {[%clk 01:19:12]} {[%emt 00:03:41]} b6 {[%clk 01:25:53]} {[%emt 00:02:40]}
11. Ne5 {[%clk 01:09:18]} {[%emt 00:10:23]} Qc7 {[%clk 01:25:08]} {[%emt
00:01:15]} 12. O-O {[%clk 00:55:25]} {[%emt 00:14:23]} Bb7 {[%clk 01:22:22]}
{[%emt 00:03:17]} 13. Qe2 {[%clk 00:54:46]} {[%emt 00:01:08]} h5 {[%clk
01:18:59]} {[%emt 00:03:54]} 14. h3 {[%clk 00:44:21]} {[%emt 00:10:55]} Nd7
{[%clk 01:15:19]} {[%emt 00:04:09]} 15. Bf4 {[%clk 00:43:49]} {[%emt 00:01:02]}
h4 {[%clk 00:53:53]} {[%emt 00:21:56]} 16. Qg4 {[%clk 00:41:39]} {[%emt
00:02:40]} Nxe5 {[%clk 00:38:13]} {[%emt 00:16:11]} 17. dxe5 {[%clk 00:40:13]}
{[%emt 00:01:56]} Bxe5 {[%clk 00:38:18]} {[%emt 00:00:25]} 18. Bxe5 {[%clk
00:39:03]} {[%emt 00:01:40]} Qxe5 {[%clk 00:38:40]} {[%emt 00:00:07]} 19. b3
{[%clk 00:38:19]} {[%emt 00:01:15]} c5 {[%clk 00:34:45]} {[%emt 00:04:25]} 20.
Rfe1 {[%clk 00:38:12]} {[%emt 00:00:37]} Qf6 {[%clk 00:34:06]} {[%emt
00:01:09]} 21. Bc4 {[%clk 00:37:14]} {[%emt 00:01:28]} Ke7 {[%clk 00:30:00]}
{[%emt 00:04:36]} 22. Rad1 {[%clk 00:28:01]} {[%emt 00:09:43]} a6 {[%clk
00:28:36]} {[%emt 00:01:54]} 23. Rd3 {[%clk 00:19:50]} {[%emt 00:08:42]} Rad8
{[%clk 00:19:04]} {[%emt 00:10:02]} 24. Bxe6 {[%clk 00:14:39]} {[%emt
00:05:40]} Rxd3 {[%clk 00:16:21]} {[%emt 00:03:13]} 25. Bc4+ {[%clk 00:13:42]}
{[%emt 00:01:27]} Re3 {[%clk 00:12:34]} {[%emt 00:04:17]} 26. Rxe3+ {[%clk
00:13:53]} {[%emt 00:00:19]} Kd8 {[%clk 00:08:41]} {[%emt 00:04:22]} 27. Rd3+
{[%clk 00:13:57]} {[%emt 00:00:28]} Kc7 {[%emt 00:01:15]} 28. Rd7+ {[%clk
00:13:38]} Kb8 {[%clk 00:08:50]} {[%emt 00:00:24]} 29. Rxf7 {[%clk 00:11:20]}
{[%emt 00:02:47]} Qa1+ {[%clk 00:08:36]} {[%emt 00:00:44]} 30. Kh2 {[%clk
00:11:40]} {[%emt 00:00:11]} Qe5+ {[%clk 00:08:24]} {[%emt 00:00:41]} 31. f4
{[%clk 00:11:07]} {[%emt 00:01:04]} Qe4 {[%clk 00:08:01]} {[%emt 00:00:52]} 32.
Qxg7 {[%clk 00:09:58]} {[%emt 00:01:38]} Rh7 {[%clk 00:08:01]} {[%emt
00:00:32]} 33. Qg8+ {[%clk 00:10:06]} {[%emt 00:00:22]} Ka7 {[%clk 00:08:01]}
{[%emt 00:00:29]} 34. Rxh7 {[%clk 00:10:23]} {[%emt 00:00:13]} Qxf4+ {[%clk
00:08:18]} {[%emt 00:00:13]} 35. Kg1 {[%clk 00:09:35]} {[%emt 00:01:18]} Qe3+
{[%clk 00:07:58]} {[%emt 00:00:46]} 36. Kf1 {[%clk 00:09:21]} {[%emt 00:00:47]}
Qc1+ {[%clk 00:01:55]} {[%emt 00:06:33]} 37. Ke2 {[%clk 00:06:07]} {[%emt
00:03:43]} Qxc2+ {[%clk 00:02:18]} {[%emt 00:00:07]} 38. Ke3 {[%clk 00:05:39]}
{[%emt 00:00:58]} Qe4+ {[%clk 00:02:36]} {[%emt 00:00:11]} 39. Kd2 {[%clk
00:05:39]} {[%emt 00:00:30]} Qd4+ {[%clk 00:02:16]} {[%emt 00:00:49]} 40. Ke1
{[%clk 00:03:30]} {[%emt 00:02:40]} Qe3+ {[%clk 00:02:28]} {[%emt 00:00:18]}
41. Kd1 {[%clk 00:01:30]} {[%emt 00:02:30]} Qd4+ {[%clk 00:29:29]} {[%emt
00:04:06]} 42. Ke1 {[%clk 00:26:29]} {[%emt 00:05:31]} Qe3+ {[%clk 00:28:31]}
{[%emt 00:01:28]} 43. Kf1 {[%clk 00:26:04]} {[%emt 00:00:55]} Qf4+ {[%clk
00:26:03]} {[%emt 00:02:58]} 44. Kg1 {[%clk 00:24:14]} {[%emt 00:02:19]} Qe3+
{[%clk 00:26:20]} {[%emt 00:00:14]} 45. Kf1 {[%clk 00:21:16]} {[%emt 00:03:27]}
Qf4+ {[%clk 00:26:37]} {[%emt 00:00:13]} 46. Ke2 {[%clk 00:19:52]} {[%emt
00:01:55]} Qe4+ {[%clk 00:26:43]} {[%emt 00:00:23]} 47. Kf2 {[%clk 00:18:53]}
{[%emt 00:01:30]} Qf4+ {[%clk 00:26:49]} {[%emt 00:00:24]} 48. Kg1 {[%clk
00:16:24]} {[%emt 00:02:58]} 1/2-1/2

[Event "DVM U12 2024"]
[Site "Heidelberg GER"]
[Date "2024.12.28"]
[Round "3"]
[White "Gora, Jan"]
[Black "Xu, Yan"]
[Result "0-1"]
[Termination "normal"]
[Board "6.4"]
[WhiteElo "935"]
[BlackElo "1268"]
[WhiteClock "01:11:56"]
[BlackClock "01:12:31"]
[WhiteTeam "SF 59 Kornwestheim"]
[BlackTeam "SV Dresden-Striesen"]
[PlyCount "83"]
[BlackFideId "34693424"]
[EventCountry "GER"]
[EventRounds "7"]
[EventType "team-swiss"]
[EventDate "2024.12.26"]

1. e4 {[%clk 01:30:57]} {[%emt 00:00:02]} e5 {[%clk 01:30:43]} {[%emt
00:00:18]} 2. Nf3 {[%clk 01:31:18]} {[%emt 00:00:09]} Nc6 {[%clk 01:31:00]}
{[%emt 00:00:13]} 3. d4 {[%clk 01:31:36]} {[%emt 00:00:11]} exd4 {[%clk
01:31:05]} {[%emt 00:00:26]} 4. Nxd4 {[%clk 01:31:57]} {[%emt 00:00:10]} Bc5
{[%clk 01:31:10]} {[%emt 00:00:25]} 5. Be3 {[%clk 01:32:10]} {[%emt 00:00:16]}
Nf6 {[%clk 01:30:53]} {[%emt 00:00:47]} 6. Nc3 {[%clk 01:32:19]} {[%emt
00:00:21]} d6 {[%clk 01:30:22]} {[%emt 00:01:00]} 7. Bc4 {[%clk 01:30:47]}
{[%emt 00:02:03]} Qe7 {[%clk 01:29:52]} {[%emt 00:01:00]} 8. f3 {[%clk
01:30:22]} {[%emt 00:00:54]} Bd7 {[%clk 01:28:43]} {[%emt 00:01:40]} 9. Qd2
{[%clk 01:28:23]} {[%emt 00:02:28]} Ne5 {[%clk 01:28:05]} {[%emt 00:01:08]} 10.
Qe2 {[%clk 01:27:15]} {[%emt 00:01:38]} a6 {[%clk 01:26:35]} {[%emt 00:02:02]}
11. a3 {[%clk 01:23:04]} {[%emt 00:02:25]} b5 {[%clk 01:25:34]} {[%emt
00:03:47]} 12. Bd5 {[%clk 01:22:28]} {[%emt 00:01:05]} c6 {[%clk 01:24:29]}
{[%emt 00:01:35]} 13. Bb3 {[%clk 01:20:14]} {[%emt 00:02:44]} Bxd4 {[%clk
01:21:33]} {[%emt 00:03:25]} 14. Bxd4 {[%clk 01:18:45]} {[%emt 00:01:57]} c5
{[%clk 01:20:51]} {[%emt 00:01:16]} 15. Bxe5 {[%clk 01:18:30]} {[%emt
00:00:45]} Qxe5 {[%clk 01:20:15]} {[%emt 00:01:06]} 16. a4 {[%clk 01:17:58]}
{[%emt 00:01:02]} b4 {[%clk 01:19:49]} {[%emt 00:00:56]} 17. Nd5 {[%emt
00:00:39]} Nxd5 {[%emt 00:02:22]} 18. exd5 {[%clk 01:15:17]} {[%emt 00:00:10]}
Qxe2+ {[%clk 01:19:25]} {[%emt 00:00:54]} 19. Kxe2 {[%clk 01:15:37]} {[%emt
00:00:08]} O-O {[%clk 01:19:22]} {[%emt 00:00:34]} 20. a5 {[%clk 01:15:45]}
{[%emt 00:00:21]} Bb5+ {[%clk 01:19:31]} {[%emt 00:00:23]} 21. c4 {[%clk
01:14:34]} {[%emt 00:01:41]} bxc3+ {[%clk 01:19:35]} {[%emt 00:00:27]} 22. Kf2
{[%clk 01:14:38]} {[%emt 00:00:25]} cxb2 {[%clk 01:19:48]} {[%emt 00:00:19]}
23. Rab1 {[%clk 01:14:59]} {[%emt 00:00:08]} Rfe8 {[%clk 01:19:10]} {[%emt
00:01:08]} 24. Bd1 {[%clk 01:14:55]} {[%emt 00:00:33]} Bc4 {[%clk 01:18:55]}
{[%emt 00:00:45]} 25. Rxb2 {[%clk 01:14:20]} {[%emt 00:01:03]} Bxd5 {[%clk
01:17:47]} {[%emt 00:01:41]} 26. h4 {[%clk 01:14:25]} {[%emt 00:00:23]} Bc4
{[%clk 01:17:27]} {[%emt 00:00:48]} 27. h5 {[%clk 01:14:09]} {[%emt 00:00:47]}
Bb5 {[%clk 01:17:02]} {[%emt 00:00:58]} 28. g4 {[%clk 01:14:09]} {[%emt
00:00:30]} c4 {[%clk 01:16:56]} {[%emt 00:00:36]} 29. g5 {[%clk 01:13:51]}
{[%emt 00:00:47]} c3 {[%clk 01:16:40]} {[%emt 00:00:47]} 30. Rc2 {[%clk
01:14:13]} {[%emt 00:00:08]} Rac8 {[%clk 01:16:30]} {[%emt 00:00:40]} 31. g6
{[%clk 01:14:22]} {[%emt 00:00:21]} Bd3 {[%clk 01:16:16]} {[%emt 00:00:45]} 32.
Rc1 {[%clk 01:14:37]} {[%emt 00:00:14]} c2 {[%clk 01:16:27]} {[%emt 00:00:20]}
33. gxh7+ {[%clk 01:14:31]} {[%emt 00:00:33]} Kxh7 {[%clk 01:16:39]} {[%emt
00:00:19]} 34. f4 {[%clk 01:13:56]} {[%emt 00:01:05]} cxd1=Q {[%clk 01:16:46]}
{[%emt 00:00:24]} 35. Rcxd1 {[%clk 01:13:45]} {[%emt 00:00:40]} Rc2+ {[%clk
01:16:07]} {[%emt 00:01:10]} 36. Kg3 {[%clk 01:13:40]} {[%emt 00:00:34]} Re3+
{[%clk 01:15:59]} {[%emt 00:00:39]} 37. Kh4 {[%clk 01:13:45]} {[%emt 00:00:24]}
Be4 {[%clk 01:14:42]} {[%emt 00:01:47]} 38. Rhg1 {[%clk 01:13:06]} {[%emt
00:01:08]} Rh2+ {[%clk 01:14:14]} {[%emt 00:00:59]} 39. Kg4 {[%clk 01:13:20]}
{[%emt 00:00:14]} Kh6 {[%clk 01:12:51]} {[%emt 00:01:55]} 40. Rxd6+ {[%clk
01:13:34]} {[%emt 00:00:15]} g6 {[%clk 01:13:04]} {[%emt 00:00:18]} 41. Rf1
{[%clk 01:11:56]} {[%emt 00:02:08]} f5# {[%clk 01:12:31]} {[%emt 00:00:31]} 42.
Rh1 {[%emt 00:02:22]} 0-1